Southville International School and Colleges
Your cart is empty.
  • Cart
  • Lists
    Public lists Eva Luna New books Lux_list list_1
    Your lists Log in to create your own lists
  • Log in to your account
  • Your cookies
  • Search history
Southville International School and Colleges
  • Advanced search
  • Recent comments
  • Most popular
  • Libraries

Log in to your account

Log in with GOOGLE


If you do not have an external account, but do have a local account, you can still log in:

  1. Home
  2. MARC view: Five steps to 5 :
Normal view MARC view ISBD view

Five steps to 5 : (Record no. 23620)

[ view plain ]
MARC details
000 -LEADER
fixed length control field 00541nam a2200181 a 4500
005 - DATE AND TIME OF LATEST TRANSACTION
control field 20140310183456.0
008 - FIXED-LENGTH DATA ELEMENTS--GENERAL INFORMATION
fixed length control field 091116s19uu xx 00 eng d
020 ## - INTERNATIONAL STANDARD BOOK NUMBER
International Standard Book Number 9780071497961
050 ## - LIBRARY OF CONGRESS CALL NUMBER
Classification number LB 2353.62
Item number .M379 2008
100 ## - MAIN ENTRY--PERSONAL NAME
Personal name Martin, Peggy J.
245 ## - TITLE STATEMENT
Title Five steps to 5 :
Remainder of title AP World history 2008-2009. /
Statement of responsibility, etc Peggy J. Martin
260 ## - PUBLICATION, DISTRIBUTION, ETC. (IMPRINT)
Place of publication, distribution, etc New York :
Name of publisher, distributor, etc McGraw-Hill,
Date of publication, distribution, etc 2008.
300 ## - PHYSICAL DESCRIPTION
Extent 310 p. :
Dimensions 26 cm.
650 ## - SUBJECT ADDED ENTRY--TOPICAL TERM
Topical term or geographic name as entry element World History.
650 ## - SUBJECT ADDED ENTRY--TOPICAL TERM
Topical term or geographic name as entry element World History
General subdivision Chronological approach.
942 ## - ADDED ENTRY ELEMENTS (KOHA)
Koha item type Books
Source of classification or shelving scheme Library of Congress Classification
Call number prefix Foreign
Holdings
Withdrawn status Lost status Source of classification or shelving scheme Damaged status Home library Current library Shelving location Date acquired Source of acquisition Cost, normal purchase price Total Checkouts Full call number Barcode Date last seen Copy number Price effective from Koha item type
    Library of Congress Classification   College Library College Library General Circulation Section 11/16/2009 Donation 1298.00   LB 2353.62 .M379 2008 C10639 05/15/2018 1 10/18/2013 Books

Five steps to 5 :

APA

Martin P. J., . (2008). Five steps to 5. New York: McGraw-Hill.

Chicago

Martin Peggy J, . 2008. Five steps to 5. New York: McGraw-Hill.

Harvard

Martin P. J., . (2008). Five steps to 5. New York: McGraw-Hill.

MLA

Martin Peggy J, . Five steps to 5. New York: McGraw-Hill. 2008.

  • Place hold
  • Print
  • Cite
  • Add to your cart (remove)
  • Save record
    BIBTEX Dublin Core MARCXML MARC (non-Unicode/MARC-8) MARC (Unicode/UTF-8) MARC (Unicode/UTF-8, Standard) MODS (XML) RIS
  • More searches
    Search for this title in:
    Other Libraries (WorldCat) Other Databases (Google Scholar) Online Stores (Bookfinder.com) Open Library (openlibrary.org)

Exporting to Dublin Core...

SOUTHVILLE LIBRARY

Southville International School and Colleges Library

1281 Tropical Ave. Cor. Luxembourg St., BF Homes International, Las Pinas City

Tel. No. 8256374 / 252358 Loc. 117/146

Powered by Koha